A magistrate's manual / (Record no. 44290)

MARC details
000 -LEADER
fixed length control field 00578 a2200181 4500
008 - FIXED-LENGTH DATA ELEMENTS--GENERAL INFORMATION
fixed length control field 150224b xxu||||| |||| 00| 0 eng d
020 ## - INTERNATIONAL STANDARD BOOK NUMBER
International Standard Book Number 9966744878
050 ## - LIBRARY OF CONGRESS CALL NUMBER
Classification number KTT333
Item number .C45 2010
100 ## - MAIN ENTRY--PERSONAL NAME
Personal name Chipeta, B. D.
245 ## - TITLE STATEMENT
Title A magistrate's manual /
Statement of responsibility, etc by B.D. Chipeta.
260 ## - PUBLICATION, DISTRIBUTION, ETC. (IMPRINT)
Date of publication, distribution, etc 2010
Name of publisher, distributor, etc LawAfrica Publishing Ltd.
Place of publication, distribution, etc Nairobi:
300 ## - PHYSICAL DESCRIPTION
Extent xxii,258p.
Dimensions 22cm.
440 ## - SERIES STATEMENT/ADDED ENTRY--TITLE
Title LawAfrica
500 ## - GENERAL NOTE
General note Includes bibliographical references and indexes.
650 ## - SUBJECT ADDED ENTRY--TOPICAL TERM
Topical term or geographic name as entry element Police magistrates
Geographic subdivision Tanzania.
650 ## - SUBJECT ADDED ENTRY--TOPICAL TERM
Topical term or geographic name as entry element Justices of the peace
Geographic subdivision Tanzania.
942 ## - ADDED ENTRY ELEMENTS (KOHA)
Item type Book
Source of classification or shelving scheme Library of Congress Classification
Holdings
Withdrawn status Lost status Source of classification or shelving scheme Damaged status Not for loan Collection code Home library Current library Shelving location Date acquired Source of acquisition Cost, normal purchase price Total Checkouts Full call number Barcode Date last borrowed Copy number Price effective from Koha item type
    Library of Congress Classification     Non-fiction Nairobi Campus Nairobi Campus General Circulation 24/02/2015 Purchase 1160.00 1 KTT333.C45 2010 042779 15/07/2022 1 24/02/2015 Book
    Library of Congress Classification     Non-fiction Nakuru Campus Nakuru Campus General Circulation 24/02/2015 Purchase 1160.00 1 KTT333 .C45 2010 042780 13/08/2015 2 24/02/2015 Book